000 00278nam a22001337a 4500
008 181005b xxu||||| |||| 00| 0 eng d
020 _a0534027466
041 _aeng
080 _a611
100 _a6
101 _aANA
245 _aHuman Anatomy
_cFowler.I
942 _2udc
_cBK
999 _c48904
_d48904